Boolean algebra and its applications
Uloženo v:
| Hlavní autor: | |
|---|---|
| Médium: | Kniha |
| Jazyk: | angličtina |
| Vydáno: |
Reading
Addison-Wesley
1961
|
| Edice: | Addison-Wesley Series in the Engineering Sciences
|
| Témata: | |
| Tagy: |
Přidat tag
Žádné tagy, Buďte první, kdo vytvoří štítek k tomuto záznamu!
|
MARC
| LEADER | 00000nam a2200000 a 4500 | ||
|---|---|---|---|
| 001 | UCW1504 | ||
| 003 | CL-VaPUC | ||
| 008 | 920717e19610000US |||||||||||||||||eng|d | ||
| 082 | 0 | 4 | |a 511.324 |b WHI |2 21 |
| 100 | 0 | |a Whitesitt, John Eldon |e author |9 305503 | |
| 245 | 1 | 0 | |a Boolean algebra and its applications |
| 300 | |a 182 p | ||
| 942 | |c BK | ||
| 945 | |d 19920717 00:00:00 | ||
| 260 | |a Reading |b Addison-Wesley |c 1961 | ||
| 650 | 0 | |a Álgebra de Boole |9 270013 | |
| 583 | |a last modification |c 19920717 00:00:00 |k Rodrigo Vera | ||
| 490 | 0 | |a Addison-Wesley Series in the Engineering Sciences | |
| 999 | |c 216389 |d 216387 | ||
| 952 | |0 0 |1 0 |4 0 |6 511_324000000000000_WHI_1961 |7 0 |8 A |9 202081 |a BIBMAT |b BIBMAT |d 2019-11-14 |i 2692155 |o 511.324 WHI 1961 |p 2692155 |r 2025-01-07 |w 2019-11-14 |y BK |k MAT | ||
| 952 | |0 0 |1 0 |4 0 |6 511_324000000000000_WHI_1961 |7 0 |8 A |9 202082 |a BIBMAT |b BIBMAT |d 2019-11-14 |i 148852K |o 511.324 WHI 1961 |p 148852K |r 2025-01-07 |w 2019-11-14 |y BK |k MAT | ||